[Event "Luxembourg-ch"]
[Site "Luxembourg"]
[Date "1999.04.08"]
[Round "6"]
[White "Cordier, Gilbert"]
[Black "Nepper, Francois"]
[Result "0-1"]
[WhiteElo "1425"]
[BlackElo "1611"]
[PlyCount "78"]
[EventDate "1999.04.03"]
[EventType "swiss"]
[EventRounds "9"]
[EventCountry "LUX"]
[SourceTitle "EXT 2005"]
[Source "ChessBase"]
[SourceDate "2004.11.15"]
[SourceVersion "1"]
[SourceVersionDate "2004.11.15"]
[SourceQuality "1"]

1. e4 c5 2. Nf3 e6 3. d4 cxd4 4. Nxd4 Nf6 5. e5 Nd5 6. c4 Bb4+ 7. Bd2 Bxd2+ 8. Qxd2 Ne7 9. Be2 Nbc6 10. Nf3 Qc7 11. Qe3 Ng6 12. Qg5 h6 13. Qh5 Ncxe5 14. Nxe5 Nxe5 15. Qh4 b5 16. Nd2 b4 17. 0-0 Bb7 18. f4 Ng6 19. Qg3 0-0 20. b3 d5 21. Bh5 Nh8 22. Nf3 g5 23. Ne5 dxc4 24. fxg5 Be4 25. gxh6+ Bg6 26. Rf2 c3 27. Bxg6 fxg6 28. Rxf8+ Rxf8 29. Qg5 Rf5 30. h7+ Kxh7 31. Qh4+ Rh5 32. Qxb4 Rxe5 33. Rc1 c2 34. h3 Rd5 35. Qe1 Nf7 36. g4 g5 37. Qe4+ Kg7 38. Rxc2 Qg3+ 39. Rg2 Rd1+ 0-1

[Event "LUX-chABC"]
[Site "Dudelange"]
[Date "1998.04.15"]
[Round "5.32"]
[White "Nepper, Francois"]
[Black "Engel, Ewald"]
[Result "0-1"]
[WhiteElo "1530"]
[BlackElo "1760"]
[PlyCount "80"]
[EventDate "1998.04.11"]
[EventType "swiss"]
[EventRounds "9"]
[EventCountry "LUX"]
[SourceTitle "EXT 2013"]
[Source "ChessBase"]
[SourceDate "2012.11.22"]
[SourceVersion "1"]
[SourceVersionDate "2012.11.22"]
[SourceQuality "1"]

1. d4 d5 2. Nf3 Nf6 3. e3 Bf5 4. c4 e6 5. Qb3 b6 6. cxd5 Nxd5 7. Nc3 Bb4 8. Bd2 Bxc3 9. bxc3 0-0 10. c4 Nf6 11. a3 c5 12. Bc3 Nbd7 13. Be2 cxd4 14. exd4 Ne4 15. Bb4 Re8 16. Bd3 Ndf6 17. 0-0 Rc8 18. a4 Nd6 19. Rad1 Bxd3 20. Rxd3 Nxc4 21. Ne5 Nxe5 22. dxe5 Nd5 23. Rfd1 Qc7 24. Bd6 Qc6 25. h3 Nf4 26. Rg3 Ne2+ 27. Kh2 Nxg3 28. Kxg3 Qc3+ 29. Rd3 Qxb3 30. Rxb3 Rc6 31. f3 Rec8 32. Rb2 Rc2 33. Rb4 R8c4 34. a5 Rxb4 35. Bxb4 bxa5 36. Bxa5 Rc5 37. Bd2 Rxe5 38. Bf4 Re2 39. Bb8 a5 40. f4 a4 0-1

[Event "LUX-chABC"]
[Site "Dudelange"]
[Date "1998.04.12"]
[Round "2.21"]
[White "Leyder, Alphonse"]
[Black "Nepper, Francois"]
[Result "1-0"]
[WhiteElo "1745"]
[BlackElo "1530"]
[PlyCount "96"]
[EventDate "1998.04.11"]
[EventType "swiss"]
[EventRounds "9"]
[EventCountry "LUX"]
[SourceTitle "EXT 2013"]
[Source "ChessBase"]
[SourceDate "2012.11.22"]
[SourceVersion "1"]
[SourceVersionDate "2012.11.22"]
[SourceQuality "1"]

1. d4 d5 2. Nf3 e6 3. g3 Nf6 4. Bg2 Bd6 5. 0-0 0-0 6. c4 b6 7. cxd5 exd5 8. Nc3 c6 9. Bg5 Nbd7 10. Rc1 h6 11. Bd2 Re8 12. e3 Nf8 13. Re1 N8h7 14. Ne2 Bb7 15. Qb3 Ne4 16. Nc3 Nxd2 17. Nxd2 Nf6 18. Ne2 Qd7 19. Qd1 c5 20. dxc5 Bxc5 21. Nb3 Bb4 22. Nc3 Rac8 23. Qd4 Qd6 24. Nb5 Qe7 25. Red1 Bc5 26. Qf4 Ba6 27. N5d4 Bd6 28. Qh4 Rxc1 29. Rxc1 Bc8 30. Nc6 Qd7 31. Qd4 Bb7 32. Nb4 a5 33. Nd3 a4 34. Nd2 a3 35. Qxb6 axb2 36. Qxb2 Ra8 37. Nc5 Bxc5 38. Rxc5 Bc6 39. Nb3 Rb8 40. Qc1 Rc8 41. Na5 Bb7 42. Nxb7 Rxc5 43. Nxc5 Qc6 44. Nb3 Qa4 45. Qc2 g6 46. Bf3 Qa8 47. Nd4 Kg7 48. a4 Nd7 1-0

[Event "LUX-chABC"]
[Site "Dudelange"]
[Date "1997.03.31"]
[Round "3.43"]
[White "Nepper, Francois"]
[Black "Jeitz, Francis"]
[Result "0-1"]
[WhiteElo "1465"]
[BlackElo "1520"]
[PlyCount "66"]
[EventDate "1997.03.29"]
[EventType "swiss"]
[EventRounds "9"]
[EventCountry "LUX"]
[SourceTitle "EXT 2013"]
[Source "ChessBase"]
[SourceDate "2012.11.22"]
[SourceVersion "1"]
[SourceVersionDate "2012.11.22"]
[SourceQuality "1"]

1. d4 Nf6 2. Nf3 g6 3. e3 Bg7 4. Bd3 d5 5. Nbd2 0-0 6. c3 Bg4 7. 0-0 Re8 8. Re1 Nc6 9. h3 Bxf3 10. Nxf3 e5 11. e4 exd4 12. e5 Ne4 13. cxd4 f6 14. Bxe4 dxe4 15. Qb3+ Kh8 16. Rxe4 b6 17. Bf4 f5 18. Ng5 Re7 19. Ne6 Rxe6 20. Qxe6 fxe4 21. Qxc6 h6 22. Qxe4 g5 23. Be3 Qe8 24. f4 Rd8 25. f5 c5 26. f6 Bxf6 27. Rf1 Be7 28. e6 cxd4 29. Qe5+ Kg8 30. Bxd4 Rxd4 31. Qe2 Bc5 32. Kh1 Rf4 33. Rd1 Rf6 0-1